000 00463nam a2200169 a 4500
005 20140310183506.0
008 100918s19uu xx 00 eng d
020 _a0671793535
050 _aHV 6533.P33
_b.R85 1993 vol.1
100 _aRule, Ann
245 _aA Rose for her grave :
_band other true cases /
_cAnn Rule.
260 _aNew York :
_bPocket books,
_c1993.
300 _a513 p. :
_c17 cm.
650 _aFiction
942 _cBK
_2lcc
999 _c24064
_d24064